| 000 | 00744nam a2200265Ia 4500 | ||
|---|---|---|---|
| 008 | 160319s9999 xx 000 0 und d | ||
| 020 | _a9716300549 | ||
| 050 | _a808.83 | ||
| 050 | _b.B638tc 1996 | ||
| 100 | _aBlanco, Marivi Soliven | ||
| 245 | 4 | _aThe case of the crime-catching camcorder / | |
| 245 | _cby Marivi Soliven Blanco ; pictures by Remus San Diego. | ||
| 260 | _aManila : | ||
| 260 | _bTahanan Books for Young Readers | ||
| 260 | _c1996 | ||
| 300 | _a76 pages; | ||
| 300 | _billustrations : | ||
| 300 | _c20 cm. | ||
| 440 | _aA Jenny and Jay Mystery. | ||
| 650 | _aCamcorders -- | ||
| 650 | _aCamcorders -- | ||
| 650 | _aMystery and detective stories. | ||
| 650 | _xFiction. | ||
| 650 | _xJuvenile fiction. | ||
| 999 |
_c292017 _d292017 |
||